|
|
|
|
| LEADER |
00000naa a2200000uu 4500 |
| 001 |
vtls011061592 |
| 003 |
SK-MaSNL |
| 005 |
20260302112017.0 |
| 008 |
210906|2008 xo |||||||||||||||||slo| |
| 015 |
|
|
|a SNBRA
|
| 035 |
|
|
|a (urnnbn)urn:nbn:sk:snk:ar-a0c33p
|
| 035 |
|
|
|a (uuid)c31ceaf9-9911-43ed-826e-b45388a36ab9
|
| 035 |
|
|
|a urn:nbn:sk:snk-aav9m4
|
| 040 |
|
|
|a SNKBUCL
|b slo
|c SNKBUCL
|e AACR2
|
| 041 |
0 |
|
|a slo
|
| 044 |
|
|
|a xo
|c SK
|
| 100 |
1 |
|
|a Chrenka, Branislav
|4 aut
|9 418009
|
| 245 |
1 |
0 |
|a Typizácia regiónov Rumunska na základe indikátorov trvalo udržateľného rozvoja
|c Branislav Chrenka
|
| 773 |
0 |
|
|t Študentská vedecká konferencia
|d Bratislava : Iris, 2008
|g S. 30-32
|z 9788089238170
|
| 958 |
|
|
|a OND
|
| 958 |
|
|
|a article12
|
| 958 |
|
|
|a chapter
|
| 999 |
|
|
|c 1249751
|d 1251681
|